Central Library OPAC University of Rajshahi

The Korean Peninsula : (Record no. 58718)

MARC details
000 -LEADER
fixed length control field 01042nam a2200301 a 4500
001 - CONTROL NUMBER
control field 58718
003 - CONTROL NUMBER IDENTIFIER
rucl marc code BD-RjUL
005 - DATE AND TIME OF LATEST TRANSACTION
control field 20211209080642.0
008 - FIXED-LENGTH DATA ELEMENTS--GENERAL INFORMATION
fixed length control field 161219s1990 cou 001 0 eng
020 ## - INTERNATIONAL STANDARD BOOK NUMBER
International Standard Book Number 0813381487 (alk. paper)
035 ## - SYSTEM CONTROL NUMBER
System control number (BD-RjUL)58842
040 ## - CATALOGING SOURCE
Original cataloging agency DLC
Transcribing agency DLC
Modifying agency BD-RjUL
Language of cataloging eng
041 ## - LANGUAGE CODE
Language code of text/sound track or separate title eng
082 00 - DEWEY DECIMAL CLASSIFICATION NUMBER
Classification number 327.174
Edition number 23
Author mark and year KOR 1990
245 04 - TITLE STATEMENT
Title The Korean Peninsula :
Remainder of title prospects for arms reduction under global detente /
Statement of responsibility, etc. edited by William J. Taylor, Jr., Cha Young-koo, and John Q. Blodgett.
260 ## - PUBLICATION, DISTRIBUTION, ETC. (IMPRINT)
Place of publication, distribution, etc. Boulder, Colo. :
Name of publisher, distributor, etc. Westview Press,
Date of publication, distribution, etc. 1990.
300 ## - PHYSICAL DESCRIPTION
Pagination vi, 275 p. ;
Size 23 cm.
500 ## - GENERAL NOTE
General note Includes index.
650 #0 - SUBJECT ADDED ENTRY--TOPICAL TERM
Topical term or geographic name as entry element Arms control
Geographic subdivision Korea.
9 (RLIN) 174533
Topical term or geographic name as entry element Detente.
9 (RLIN) 174534
651 #0 - SUBJECT ADDED ENTRY--GEOGRAPHIC NAME
Geographic name Korea (South)
General subdivision Foreign relations.
9 (RLIN) 174535
Geographic name Korea (North)
General subdivision Foreign relations.
9 (RLIN) 174536
700 1# - ADDED ENTRY--PERSONAL NAME
Personal name Taylor, William J.
Fuller form of name (William Jesse),
Dates associated with a name 1933-
Personal name Cha, Young Koo,
Dates associated with a name 1947-
Personal name Blodgett, John Q.
942 ## - ADDED ENTRY ELEMENTS (KOHA)
Source of classification or shelving scheme Dewey Decimal Classification
Koha item type Books
Holdings
Lost status Source of classification or shelving scheme Damaged status Not for loan Collection code Permanent Location Current Location Shelving location Date acquired Total Checkouts Full call number Date last seen Copy number Koha item type
  Dewey Decimal Classification   Not For Loan Non-fiction Central Library, University of Rajshahi Central Library, University of Rajshahi Reading Room 05/12/1993   327.174 KOR 1990 19/12/2016 C-1 Books